| 000 | 02814nam0a2200337 i 4500 | ||
|---|---|---|---|
| 001 | RU\NLR\BIBL_A\011285354 | ||
| 005 | 20240921185135.0 | ||
| 010 |
_a9785989261888 _9150 |
||
| 021 |
_aRU _b2016-88176 _95796 |
||
| 035 | _a(NLR Aleph) 011285354 | ||
| 090 |
_a10891476 _c10891476 |
||
| 100 | _a20161201d2016 d0rusy50 ca | ||
| 101 | 0 | _arus | |
| 102 | _aRU | ||
| 105 | _ay z 100zy | ||
| 200 | 1 |
_aДополнительное профессиональное и естественнонаучное образование в информационном обществе: новые приоритеты и технологии _eматериалы межрегиональной научно-практической конференции (Волгоград, 24-25 апреля 2014 г.) и научно-практической интернет-видеоконференции с международным участием (Волгоград, 15 мая 2015 г.) _f[сост.: А. Н. Кузибецкий, заслуж. учитель РФ и др.] |
|
| 210 |
_aВолгоград _cИзд-во ВГАПО _d2016 |
||
| 215 |
_a271 с. _d21 |
||
| 300 | _aВ надзаг.: Ком. образования и науки Волгогр. обл., Образоват. кластер повышения квалификации и проф. переподгот. кадров для системы образования Волгограда и Волгоград. обл., Волгоград. гос. акад. последиплом. образования [и др.] | ||
| 320 | _aБиблиогр. в конце ст. | ||
| 606 | 1 |
_aДополнительное профессиональное образование _jСъезды, совещания и т.п _92376765 _3RU\NLR\AUTH\661418288 |
|
| 606 | 1 |
_aЕстественно-научное образование _jСъезды, совещания и т.п _92549924 _3RU\NLR\AUTH\661508963 |
|
| 686 | 1 | _aЧ313.8я431 | |
| 686 | 1 | _aЧ454(0)78я431 | |
| 702 | 1 |
_aКузибецкий _bА. Н. _gАлександр Николаевич _4220 |
|
| 711 | 1 | 2 |
_a"Дополнительное профессиональное и естественнонаучное образование в информационном обществе: новые приоритеты и технологии", научно-практическая интернет-видеоконференция с международным участием _eВолгоград _f2015 _9540063 _3RU\NLR\AUTH\880437920 |
| 942 | _cBOOK | ||
| 980 | _aNBR | ||